000 01466cam a2200253 4500
001 ABS66813
008 030625n2003 000 0 eng u
035 _a(Sirsi) u122740
100 _aRoberts, A.
245 _aMeasured building surveys: 'the intelligent way'
260 _c2003
490 _aGeomatics World
_v11(4) May/June 2003, 26-28(3)
520 _aExamines the use of geomatics and surveying software to conduct measured building surveys. Illustrates how specifically written surveying software can be used to determine the amount of space within a building, refurbish the same office space and provide additional data for facilities managers. Compares the process of measuring buildings with software to traditional surveying methods and points out that software is simply a data collection tool and does not replace the fundamental principles of measuring buildings. However, digital data collection systems do have many advantages such as reducing office processing time and increasing productivity. Concludes by dispelling two myths; this kind of software does allow the required level of detail and can be used for all types of buildings. Diagrams.
590 _aABS
650 _aBUILDING SURVEYS
650 _aSURVEYING TECHNOLOGY
650 _aSURVEYING INSTRUMENTS
650 _aBUILDING MEASUREMENT
650 _aDATA CAPTURE SYSTEMS
650 _aDIGITAL DATA
650 _aSOFTWARE
690 _aGeomatics
_96242
942 _n0
999 _c72920
_d72920